| 000 | 01248nam a2200325Ia 4500 | ||
|---|---|---|---|
| 001 | ebr10330166 | ||
| 003 | CaPaEBR | ||
| 006 | m u | ||
| 007 | cr cn||||||||| | ||
| 008 | 090410s2009 mau sb 001 0 eng d | ||
| 010 | _z 2009013397 | ||
| 020 | _z9780470032916 (cloth) | ||
| 020 | _z9780470032923 (pbk.) | ||
| 040 |
_aCaPaEBR _cCaPaEBR |
||
| 035 | _a(OCoLC)587391579 | ||
| 050 | 1 | 4 |
_aRC467 _b.C574 2009eb |
| 082 | 0 | 4 |
_a616.89 _222 |
| 245 | 0 | 0 |
_aClinical case formulation _h[electronic resource] : _bvarieties of approaches / _cedited by Peter Sturmey. |
| 260 |
_aMalden, MA : _bJohn Wiley & Sons, _cc2009. |
||
| 300 | _axii, 323 p. | ||
| 504 | _aIncludes bibliographical references and index. | ||
| 533 |
_aElectronic reproduction. _bPalo Alto, Calif. : _cebrary, _d2009. _nAvailable via World Wide Web. _nAccess may be limited to ebrary affiliated libraries. |
||
| 650 | 0 |
_aClinical psychology _xMethodology. |
|
| 650 | 0 |
_aCounseling _vCase studies. |
|
| 650 | 0 |
_aPsychotherapy _xPractice. |
|
| 655 | 7 |
_aElectronic books. _2local |
|
| 700 | 1 | _aSturmey, Peter. | |
| 710 | 2 | _aebrary, Inc. | |
| 856 | 4 | 0 |
_uhttp://site.ebrary.com/lib/rucke/Doc?id=10330166 _zAn electronic book accessible through the World Wide Web; click to view |
| 999 |
_c67369 _d67369 |
||